LEADER 05694oam 2200901 c 450 001 9910263842903321 005 20260302090207.0 010 $a9783839437933 010 $a3839437938 035 $a(CKB)4100000002744004 035 $a(OAPEN)645379 035 $a(DE-B1597)479899 035 $a(OCoLC)1046615640 035 $a(DE-B1597)9783839437933 035 $a(ScCtBLL)b0c35df7-9202-4e8b-8dfe-4bcf789df2a2 035 $a(MiAaPQ)EBC6763086 035 $a(Au-PeEL)EBL6763086 035 $a(OCoLC)1030818293 035 $a(transcript Verlag)9783839437933 035 $a(MiAaPQ)EBC6955947 035 $a(Au-PeEL)EBL6955947 035 $a(oapen)https://directory.doabooks.org/handle/20.500.12854/37617 035 $a(MiAaPQ)EBC30591602 035 $a(Au-PeEL)EBL30591602 035 $a(Perlego)1796735 035 $a(oapen)doab37617 035 $a(EXLCZ)994100000002744004 100 $a20260302h20182017 uy 0 101 0 $aeng 135 $auuuuu---auuuu 181 $ctxt$2rdacontent 182 $cc$2rdamedia 183 $acr$2rdacarrier 200 00$aWriting Emotions$eTheoretical Concepts and Selected Case Studies in Literature$fIngeborg Jandl, Susanne Knaller, Sabine Schönfellner, Gudrun Tockner 205 $a1st ed. 210 $aBielefeld$ctranscript Verlag$d2018 210 $d2018, c2017 215 $a1 online resource 225 0 $aLettre 311 08$a9783837637939 311 08$a383763793X 327 $aFrontmatter 1 Contents 5 Preface 9 Emotions and the Process of Writing 17 The Affective Value of Fiction Presenting and Evoking Emotions 29 The Author - "Specialize[d] in Having Fun"? Cognitive Theories of Emotion and Literary Studies in the Context of Two Interviews with Michael Stavari 55 Emotions and/in Religion Reading Sigmund Freud, Rudolph Otto, and William James 77 Autism, Love, and Writing in and around Russian Literature On Feeling, Non-Feeling and Writing as a Communicative Medium to Express Emotions 99 Riding Emotions The Motorcycle as a Vehicle of Political E/Motions in Rachel Kushner's Novel The Flamethrowers 123 "[] which approximates 'I love you'." Jonathan Safran Foer's Punctuation of Emotions 137 Form and Emotion in Stephen Chbosky's The Perks of Being a Wallflower 159 The Intermediality of Emotion Representations of Emotionality and Fear in YouTube Vlogs and Beyond 175 "'Tis Magic, Magic that Hath Ravished Me" Passionate Conjuring in Doctor Faustus and The Devil's Charter 197 Passionate Writing The Rhythms of Jealousy in Early Modern English Texts and Drama 215 When the Author Is Not the Author of Passions J.J. Engel's Herr Lorenz Stark and the Pathognomy of Style 233 How to Study Emotion Effects in Literature Written Emotions in Edgar Allan Poe's "The Fall of the House of Usher" 247 Posthuman Nostalgia? Re-Evaluating Human Emotions in Michel Houellebecq's La possibilite? d'une i?le .. 265 Writing Disgust, Writing Realities The Complexity of Negative Emotions in E?mile Zola's Nana 277 Breaking the Ice, Freezing the Laughter Authorial Empathy, Reader Response, and the Kafkaesque Poetics of Guilt and Shame 295 Hiding One's Feelings 'Emotionless' Rhetoric in Raul Hilberg's The Destruction of the European Jews and Peter Weiss's Die Ermittlung 311 Love under Threat The Emotional Valences of the Twilight Saga 347 AUTHORS 379 330 $aAfter a long period of neglect, emotions have become an important topic within literary studies. This collection of essays stresses the complex link between aesthetic and non-aesthetic emotional components and discusses emotional patterns by focusing on the practice of writing as well as on the impact of such patterns on receptive processes. Readers interested in the topic will be presented with a concept of aesthetic emotions as formative both within the writing and the reading process. Essays, ranging in focus from the beginning of modern drama to digital formats and theoretical questions, examine examples from English, German, French, Russian and American literature. Contributors include Angela Locatelli, Vera Nünning, and Gesine Lenore Schiewer. 330 1 $aBesprochen in: literaturkritik.de, 8 (2017), Jan Süselbeck 410 0$aLettre 517 2 $aJandl et al. (eds.), Writing Emotions$eTheoretical Concepts and Selected Case Studies in Literature 606 $aEmotion 606 $aLiterature 606 $aWriting 606 $aPractice 606 $aAesthetic 606 $aGeneral Literature Studies 606 $aBritish Studies 606 $aGerman Literature 606 $aRomance Studies 606 $aLiterary Studies 615 4$aEmotion 615 4$aLiterature 615 4$aWriting 615 4$aPractice 615 4$aAesthetic 615 4$aGeneral Literature Studies 615 4$aBritish Studies 615 4$aGerman Literature 615 4$aRomance Studies 615 4$aLiterary Studies 676 $a809/.93353 702 $aJandl$b Ingeborg$p

Ingeborg Jandl, University of Graz, Austria

$4edt 702 $aKnaller$b Susanne$p

Susanne Knaller, Karl-Franzens-Universität Graz, Österreich

$4edt 702 $aSchönfellner$b Sabine$p

Sabine Schönfellner, University of Graz, Austria

$4edt 702 $aTockner$b Gudrun$p

Gudrun Tockner, University of Graz, Austria

$4edt 712 02$aKnowledge Unlatched - KU Select 2017: Frontlist Collection$4fnd$4http://id.loc.gov/vocabulary/relators/fnd 801 0$bDE-B1597 801 1$bDE-B1597 906 $aBOOK 912 $a9910263842903321 996 $aWriting Emotions$94414042 997 $aUNINA